000 01327nam a2200265Ia 4500
003 Ost
005 20260507075654.0
008 260507s9999||||xx |||||||||||||| ||und||
040 _cfsecg
041 _aara
082 _a658.1522
100 _aهندي، منير ابراهيم
_eمؤلف
245 0 _aالفكر الحديث في هيكل تمويل الشركات /
_c منير ابراهيم هندي
250 _aطبعة 2
260 _aالاسكندرية:
_bمنشأة المعارف,
_c2005
300 _a632 صفحة؛
_bإيضاحات ؛
_c24 سم
490 _aسلسلة الفكر الحديث في الإدارة المالية
_v3
504 _aالملاحق ص.620
520 _aتكلفة الوكالة في اطار نظرية المنشأة، الأوراق المالية المستحدثة، تأثير الاقتراض على القيمة السوقية للمنشأة، استخدام القروض كمصدر للتمويل، الأرباح المحتجزة كمصدر بديل، الاستحواذ والاندماج الأساليب وسبل التمويل، الخصخصة، التمويل الدولي
653 _aالإدارة المالية
653 _aالأوراق المالية
653 _aالشركات- تمويل
653 _aالقروض
942 _cكتاب
999 _c45670
_d45670